Warrior cats sudden death - Statistics

General Stats
  • This quiz has been taken 53 times
  • The average score is 4 of 16
Answers on the Grid
Answers color-coded by a green-red scale on the quiz's grid according to % correct below.
Pinebrush
Lucy
Petalfoot
Brackenpelt
Running horse
Oddnose
Lapping wave
Blackhaze
Primrosepaw
Midgewing
Sunnygrass
Quietkit
Zola
Maplesnow
Swift minnow
Floatweed
Cheeze
Pipsqueak
Yellowleaf
Tallpoppy
Lynxkit
Tawnytail
Spotlight
Brightspirit
Sheeptail
Plumbark
Crowwing
Fringewhisker
Gravelnose
Hawkpelt
Tess
Prince
 
Answer Stats
Answer % Correct
Tallpoppy
57%
Primrosepaw
52%
Brackenpelt
48%
Brightspirit
33%
Fringewhisker
33%
Lynxkit
33%
Running horse
33%
Pinebrush
29%
Quietkit
24%
Gravelnose
19%
Tess
19%
Floatweed
14%
Pipsqueak
14%
Sheeptail
14%
Swift minnow
14%
Lapping wave
10%
No matching quizzes found
Score Distribution
Percent of People with Each Score
Percentile by Number Answered
Your Score History
You have not taken this quiz